01512nam a2200409 i 450000100060000000300080000600500170001400600190003100700150005000800410006502000270010603500230013303500240015603500250018003500210020504000310022605000220025708000150027908200150029410000310030924501340034026400600047430000250053433600310055933700330059033800430062350000230066650400290068959001640071865000490088265000300093165000160096165500270097779700190100485600620102399900170108556672FlNmELB20241216232848.0m o d | cr cnu||||||||131024s2012 sp ob 001 0 spa d a9788436953077 (e book) a(MiAaPQ)EBC3208865 a(Au-PeEL)EBL3208865 a(CaPaEBR)ebr10664608 a(OCoLC)929415340 aFINmELBbspaerdacFINmELB 4aPN147bB5172 2012 a070.41(07)0 a808.022231 aBernabeu Morón, Natalia.13aLa noticia y el reportaje :bproyecto Mediascopio Prensa. La lectura de la prensa escrita en el aula /cNatalia Bernabeu Morón. 1aMadrid :bMinisterio de Educación de España,c2012. a1 recurso en línea atextobtxt2rdacontent/spa acomputadorabc2rdamedia/spa arecurso en líneabcr2rdacarrier/spa aContiene índice. aContiene bibliografía. aRecurso electrónico. Santa Fe, Arg.: e-libro, 2015. Disponible vía World Wide Web. El acceso puede estar limitado para las bibliotecas afiliadas a e-libro. 0aJournalismxAuthorshipxVocational guidance. 0aMass media and education. 4aPeriodismo. 4aLibros electrónicos.2 ae-libro, Corp.40uhttps://elibro.net/ereader/politecnicointernacional/49324 c56672d56672